000
00313nam a2200133Ia 4500
008
220613s9999||||xx |||||||||||||| ||und||
020
_a
9781119076339
100
_a
Biech,E.
245
0
_a
Training and Development for Dummies
260
_b
Hobbken: Jonn Wiley
300
_a
434
650
_a
HR
942
_c
MANG
999
_c
16534
_d
16534